000 00430nam a22001697a 4500
003 NUST - PNEC
005 20170116181059.0
008 151002b xxu||||| |||| 00| 0 eng d
020 _a-
040 _cLIBRARY
082 _a937.06 GIB
100 _912248
_aGibbon., Edward
245 _aThe decline of the Roman Empire
_cEdward Gibbon
260 _cc.1960
650 _912252
_aRome (Empire)
_xGeneral book
942 _2ddc
_cBK
999 _c68679
_d68679